The Role of attitudes and values in enhancing competitiveness (Record no. 70977)

MARC details
000 -LEADER
fixed length control field 00360nam a2200133Ia 4500
100 ## - MAIN ENTRY--AUTHOR NAME
Personal name Khanna Ravi
245 #4 - TITLE STATEMENT
Title The Role of attitudes and values in enhancing competitiveness
260 ## - PUBLICATION, DISTRIBUTION, ETC. (IMPRINT)
Name of publisher Rubber India
Year of publication 2006
300 ## - PHYSICAL DESCRIPTION
Number of Pages 37-41
650 ## - SUBJECT ADDED ENTRY--TOPICAL TERM
Topical Term Labour productivity
650 ## - SUBJECT ADDED ENTRY--TOPICAL TERM
Topical Term Management system
942 ## - ADDED ENTRY ELEMENTS (KOHA)
Koha item type Journals
Holdings
Withdrawn status Lost status Damaged status Not for loan Home library Current library Shelving location Date acquired Serial Enumeration / chronology Koha item type
      Journals RRII Library RRII Library Agricultural economics 17/12/2021 Volume LVIII, Issue 2 Journals